[Event "Match"]
[Site "www.echecsemail.com"]
[Date "2017.02.04"]
[Round "1"]
[White "Joseph1983"]
[Black "Pdebonis"]
[WhiteElo "2210"]
[BlackElo "2390"]
[Result "0-1"]
[Round "1"]
1.e4 e5
2.Ng1f3 Nb8c6
3.Bf1c4 Bf8c5
4.c3 Ng8f6
5.d4 exd4
6.e5 d5
7.exf6 dxc4
8.Qd1e2 Bc8e6
9.fxg7 Rh8g8
10.cxd4 Nc6xd4
11.Nf3xd4 Qd8xd4
12.Bc1e3 Bc5b4
13.Nb1d2 Qd4xb2
14.O-O O-O-O
15.Nd2xc4 Qb2xe2
{ resign }
0-1

[Event "Match"]
[Site "www.echecsemail.com"]
[Date "2017.02.04"]
[Round "1"]
[White "Calponas"]
[Black "Grad"]
[WhiteElo "2010"]
[BlackElo "1999"]
[Result "0-1"]
[Round "1"]
1.e4 c6
2.c4 d5
3.cxd5 cxd5
4.exd5 Ng8f6
5.d4 Nf6xd5
6.Bf1c4 Nd5b6
7.Bc4b3 Nb8c6
8.Ng1f3 g6
9.Nb1c3 Bf8g7
10.Bc1e3 O-O
11.O-O Nc6a5
12.Ra1c1 Na5xb3
13.Qd1xb3 Bc8e6
14.Qb3b4 Qd8d7
15.Nf3e5 Qd7d6
16.Qb4b5 f6
17.Nc3e4 Qd6d5
18.Ne4c3 Qd5xb5
19.Nc3xb5 fxe5
20.Nb5c7 Be6c4
21.Nc7xa8 Rf8xa8
22.Rf1d1 exd4
23.Be3xd4 Ra8d8
24.Bd4xb6 Rd8xd1
25.Rc1xd1 axb6
26.b3 Bc4b5
27.h4 Kf7
28.g3 e5
29.Rd1d6 Bb5c6
30.Kf1 Ke7
31.Rd6d1 e4
32.Ke2 Bg7e5
33.Ke3 Be5d6
{ resign }
0-1

[Event "Match"]
[Site "www.echecsemail.com"]
[Date "2017.02.04"]
[Round "1"]
[White "Ztornad"]
[Black "Chapi"]
[WhiteElo "1730"]
[BlackElo "2120"]
[Result "0-1"]
[Round "1"]
1.Ng1f3 c5
2.c4 Nb8c6
3.b3 Ng8f6
4.Bc1b2 d6
5.d3 Bc8g4
6.h3 Bg4h5
7.g4 Bh5g6
8.a4 d5
9.Nf3e5 Nc6xe5
10.Bb2xe5 e6
11.Bf1g2 Bf8e7
12.cxd5 exd5
13.Nb1c3 O-O
14.O-O Nf6d7
15.Be5g3 Nd7f6
16.d4 Ra8c8
17.dxc5 Be7xc5
18.Nc3xd5 Nf6e4
19.Bg2xe4 Bg6xe4
20.Bg3c7 Qd8xd5
21.Qd1xd5 Be4xd5
22.Bc7a5 b6
23.Ba5d2 Bd5xb3
24.a5 Bb3c4
25.Rf1e1 h6
26.a6 Rf8e8
27.e3 Rc8d8
28.Bd2c3 Rd8d3
29.Ra1c1 Rd3xc3
30.Rc1xc3 Bc5b4
31.Rc3xc4 Bb4xe1
32.Rc4c7 Re8a8
33.e4 f6
34.f4 Be1d2
35.f5 Bd2e3
36.Kg2 b5
37.Rc7c3 Be3d4
38.Rc3d3 Ra8d8
39.Rd3b3 Rd8b8
40.g5 hxg5
41.h4 gxh4
42.Rb3h3 Rb8b6
43.Rh3a3 b4
44.Ra3b3 Bd4c3
45.Rb3b1 Rb6xa6
46.Rb1h1 b3
47.Rh1xh4 b2
 { time }
0-1

[Event "Match"]
[Site "www.echecsemail.com"]
[Date "2017.02.04"]
[Round "1"]
[White "Genius7"]
[Black "Jwc"]
[WhiteElo "1890"]
[BlackElo "1269"]
[Result "1-0"]
[Round "1"]
1.d4 d5
2.Bc1f4 g6
3.e3 Bf8g7
4.Ng1f3 Ng8f6
5.Nb1c3 e6
6.Bf1d3 O-O
7.O-O b6
8.Nf3e5 Nb8d7
9.Ne5c6 Qd8e8
10.Nc6e5  { time }
1-0

[Event "1/64 Finale"]
[Site "www.chess-mail.com"]
[Date "2017.02.04"]
[Round "1"]
[White "Bronstein70"]
[Black "Fabos12"]
[WhiteElo "2360"]
[BlackElo "2090"]
[Result "1-0"]
[Round "1"]
1.e4 e5
2.f4 exf4
3.Bf1c4 Bf8c5
4.d4 Bc5b6
5.Ng1f3 d6
6.Nb1c3 Ng8e7
7.Nf3g5 O-O
8.Qd1h5 h6
9.Ng5xf7 Rf8xf7
10.Qh5xf7 Kh8
11.Nc3e2 Nb8c6
12.Bc1xf4 Qd8g8
13.c3 Bc8g4
14.Qf7xg8 Ne7xg8
15.h3 Bg4xe2
16.Kxe2 Ng8f6
17.Kd3 Ra8d8
18.Bf4d2 Nc6e7
19.Rh1f1 d5
20.exd5 Ne7xd5
21.Bc4xd5 Nf6xd5
22.Ra1e1 Kh7
23.c4 Nd5f6
24.d5 Rd8e8
{ time. }
1-0

[Event "Eq:SIETE ESTRELLAS VERDES-Equipo Juan Diaz : "]
[Site "www.chess-mail.com"]
[Date "2017.02.04"]
[Round "1"]
[White "Astigitana"]
[Black "Paco"]
[WhiteElo "2420"]
[BlackElo "1910"]
[Result "1-0"]
[Round "1"]
1.d4 d5
2.c4 dxc4
3.Ng1f3 Bc8f5
4.e3 Nb8c6
5.Bf1xc4 Nc6b4
6.Qd1a4 Nb4c6
7.Nf3e5 e6
8.Ne5xc6 Qd8d7
9.Bc4b5 Bf5e4
10.Nc6e5 c6
11.Ne5xd7 Kxd7
12.Bb5f1 Ng8f6
13.Nb1c3 Be4g6
14.Bf1e2 h5
15.O-O h4
16.h3 Bg6f5
17.Be2f3 g5
18.e4 Bf5g6
19.Bc1xg5 b5
20.Qa4a6 Bg6h5
21.Bg5xf6 Rh8h6
22.Qa6b7 { resign }
1-0

[Event "Fast Game"]
[Site "www.echecsemail.com"]
[Date "2017.02.04"]
[Round "1"]
[White "Lucaschess"]
[Black "Yoj"]
[WhiteElo "1599"]
[BlackElo "1969"]
[Result "1-0"]
[Round "1"]
1.e4 e5
2.Ng1f3 Nb8c6
3.Bf1c4 Ng8f6
4.d4 Nf6xe4
5.dxe5 Bf8c5
6.Qd1d5 Bc5xf2
7.Ke2 Qd8e7
8.Qd5xe4 Bf2c5
9.Bc1e3 d6
10.Be3xc5 dxc5
11.Nb1c3 O-O
12.Nc3d5 Qe7d7
13.Ra1d1 Nc6d4
14.Nf3xd4 Qd7g4
15.Qe4xg4 Bc8xg4
16.Nd4f3 c6
17.Nd5e3 Bg4h5
18.g4 Bh5g6
19.h4 h5
20.Bc4d3 hxg4
21.Bd3xg6 gxf3
22.Kxf3 fxg6
23.Ke4 Rf8f7
24.Rh1f1 Rf7e7
25.Ne3g4 b5
26.Rd1d6 Ra8c8
27.Rf1d1 a5
28.Rd6d8 Rc8xd8
29.Rd1xd8 Kf7
30.Rd8d6 Re7c7
31.e6 Ke7
32.Ke5 c4
33.Ng4e3 a4
34.c3 Kf8
35.Rd6d7 Rc7xd7
36.exd7 Ke7
37.d8B Kxd8
38.Kd6 Kc8
39.Kxc6  { time }
1-0

[Event "Fast Game"]
[Site "www.echecsemail.com"]
[Date "2017.02.04"]
[Round "1"]
[White "Yoj"]
[Black "Attatroll"]
[WhiteElo "2049"]
[BlackElo "1860"]
[Result "0-1"]
[Round "1"]
1.Nb1c3 e5
2.e4 Nb8c6
3.Ng1f3 d6
4.d4 exd4
5.Nf3xd4 Nc6xd4
6.Qd1xd4 Qd8f6
7.Qd4xf6 Ng8xf6
8.Nc3b5 Kd8
9.f3 a6
10.Nb5d4 Bf8e7
11.Bf1c4 Ke8
12.b3 Nf6d7
13.O-O Nd7f6
14.Bc1g5 h6
15.Bg5d2 Bc8d7
16.Ra1e1 Kf8
17.a4 g5
18.Bd2c3 Ra8e8
19.Re1e2 Rh8g8
20.Rf1e1 Nf6h5
21.Bc4d3 Nh5f4
22.Re2e3 g4
23.Nd4f5 Be7g5
24.fxg4 Bd7xf5
25.gxf5 Nf4d5
26.exd5 Re8xe3
27.Re1xe3 Bg5xe3
28.Kf1 Ke7
29.f6 Kd7
30.Bd3f5 Kd8
31.g4 Be3f4
32.h3 Bf4e5
33.Bc3d2 Be5xf6
34.Bd2xh6 Bf6g5
35.Bh6xg5 Rg8xg5
36.h4 Rg5g7
37.h5 Ke7
38.h6 Rg7g8
39.h7 Rg8h8
40.Kg2 Kf6
41.Kg3 Kg5
42.c4 a5
43.Kf3 b6
44.Kg3 Kf6
45.Kh4 Kg7
46.g5 Rh8e8
47.Bf5d7 Re8e3
48.Bd7g4 Re3xb3
49.Kh5 Rb3b4
50.Bg4f5 Rb4xa4
51.g6 fxg6
52.Bf5xg6 Ra4xc4
 { time }
0-1

[Event "Tourn. n9210"]
[Site "www.chess-mail.com"]
[Date "2017.02.05"]
[Round "1"]
[White "Bojan"]
[Black "Mancini"]
[WhiteElo "2040"]
[BlackElo "2069"]
[Result "0-1"]
[Round "1"]
1.e4 e5
2.Ng1f3 Ng8f6
3.Bf1c4 Nf6xe4
4.Qd1e2 d5
5.Bc4d3 Bf8d6
6.Bd3xe4 dxe4
7.Qe2xe4 O-O
8.d3 Nb8c6
9.a3 f5
10.Qe4c4 Kh8
11.Bc1g5 Qd8e8
12.Nb1d2 Bc8e6
13.Qc4h4 Qe8g6
14.Nd2c4 Be6xc4
15.dxc4 h6
16.Qh4h3 e4
17.Bg5xh6 Qg6xh6
18.Qh3xh6 gxh6
19.Nf3h4 Kg7
20.c3 Nc6e5
21.b3 Ne5d3
22.Ke2 Ra8d8
23.Ra1a2 Bd6e7
24.g3 f4
25.f3 fxg3
26.hxg3 Be7xh4
27.gxh4 exf3
28.Ke3 f2
29.Rh1f1 Kg6
30.Ra2d2 Rf8e8
31.Kf3 Nd3e1
{ resign }
0-1

[Event "Tourn. n9238"]
[Site "www.chess-mail.com"]
[Date "2017.02.05"]
[Round "1"]
[White "Bojan"]
[Black "Actmy"]
[WhiteElo "2030"]
[BlackElo "2290"]
[Result "0-1"]
[Round "1"]
1.g3 d5
2.Bf1g2 e5
3.d4 e4
4.f3 f5
5.Ng1h3 Ng8f6
6.Bc1e3 Bf8e7
7.Nb1d2 Nb8c6
8.c4 Bc8e6
9.Nh3f4 Be6f7
10.c5 O-O
11.Bg2h3 g6
12.Rh1g1 Be7xc5
13.dxc5 d4
14.Be3f2 e3
15.Nd2b3 a5
16.g4 exf2
17.Kxf2 fxg4
18.fxg4 Qd8e7
19.Qd1d2 Nf6e4
{ resign }
0-1

[Event "Tourn. n9196"]
[Site "www.chess-mail.com"]
[Date "2017.02.05"]
[Round "1"]
[White "Malbertan"]
[Black "Sorim"]
[WhiteElo "2060"]
[BlackElo "1960"]
[Result "1-0"]
[Round "1"]
1.e4 e5
2.f4 exf4
3.Ng1f3 g5
4.Bf1c4 Bf8g7
5.O-O d6
6.d4 h6
7.c3 Nb8c6
8.Nb1d2 Bc8d7
9.Qd1b3 Qd8e7
{ time. }
1-0

[Event "Tourn. n9192"]
[Site "www.chess-mail.com"]
[Date "2017.02.05"]
[Round "1"]
[White "Yoj"]
[Black "Orhany24"]
[WhiteElo "2020"]
[BlackElo "2220"]
[Result "0-1"]
[Round "1"]
1.f4 d5
2.Ng1f3 c5
3.c4 d4
4.Qd1b3 Nb8c6
5.Nf3e5 Qd8c7
6.Qb3b5 e6
7.Ne5xc6 Qc7xc6
8.Qb5xc6 bxc6
9.d3 Bf8d6
 { time }
0-1

[Event "Tourn. n9067"]
[Site "www.chess-mail.com"]
[Date "2017.02.05"]
[Round "1"]
[White "Faerieking"]
[Black "Ozana"]
[WhiteElo "2200"]
[BlackElo "2010"]
[Result "1/2-1/2"]
[Round "1"]
1.e4 d6
2.d4 Ng8f6
3.Nb1c3 e5
4.dxe5 dxe5
5.Qd1xd8 Kxd8
6.Bc1g5 Bc8e6
7.O-O-O Kc8
8.Ng1f3 h6
9.Bg5h4 Bf8d6
10.h3 Nb8d7
11.Bf1b5 Nd7c5
12.Rh1e1 a6
13.Bb5f1 b5
14.a3 Nc5d7
15.g4 Nd7b6
16.Bh4g3 Nf6d7
17.Nc3d5 Kb7
18.Kb1 f6
19.Nf3h4 g5
20.Nd5xb6 gxh4
21.Nb6xd7 Be6xd7
22.Bg3xh4 Ra8f8
23.f3 h5
24.Bh4f2 Rh8h7
25.Rd1d2 Bd7e6
26.b4 a5
27.c3 Rf8a8
28.Bf1xb5 axb4
29.axb4 hxg4
30.hxg4 Ra8a3
31.Re1c1 Bd6f8
32.Rd2b2 Bf8h6
33.Rc1h1 Ra3xc3
34.Bb5e2 Bh6e3
35.Rh1f1 Be3xf2
36.Rf1xf2 { draw }
1/2-1/2

[Event "Tourn. n9145"]
[Site "www.chess-mail.com"]
[Date "2017.02.05"]
[Round "1"]
[White "Autmich"]
[Black "Cal"]
[WhiteElo "1630"]
[BlackElo "1490"]
[Result "1-0"]
[Round "1"]
1.e4 e5
2.Ng1f3 d6
3.d4 exd4
4.Nf3xd4 c5
5.Nd4f3 h6
6.Nb1c3 Ng8f6
7.Bc1f4 Bc8g4
8.Bf1e2 Nb8c6
9.O-O a6
10.Qd1d3 Bf8e7
11.Ra1d1 Bg4xf3
12.Be2xf3 O-O
13.Bf4xd6 Nc6e5
14.Bd6xe5 Qd8e8
15.Rf1e1 Qe8c8
16.Qd3e3 b6
17.Be5xf6 Be7xf6
18.e5 Rf8e8
19.Bf3xa8 Qc8xa8
20.Qe3g3 Bf6e7
21.Rd1d7 Qa8c6
22.Re1d1 b5
23.Rd7a7 b4
24.Nc3e2 Be7g5
25.f4 Bg5e7
26.Rd1d7 Qc6e6
27.f5 Qe6xf5
28.Rd7xe7 Re8f8
29.Qg3b3 a5
30.Ra7xa5 Qf5e4
31.Qb3d3 Qe4c6
32.Qd3d7 Qc6e4
33.Qd7d3 Qe4h4
34.Ne2g3 Qh4xe7
35.Qd3d6 Qe7g5
36.Qd6xc5 Qg5c1
37.Ng3f1 Qc1xb2
38.Qc5c4 Qb2b1
39.Qc4b3 Qb1d1
40.Ra5b5 Qd1e1
41.Qb3xb4 Qe1e2
42.a4 f6
43.Qb4b3 Kh8
44.e6 Rf8e8
45.Rb5b8 Qe2h5
46.Rb8xe8 Qh5xe8
47.Nf1e3 g6
48.a5 Qe8e7
49.Qb3d5 f5
50.Qd5e5 Kh7
51.h3 f4
52.Ne3d5 Qe7c5
53.Kh2 Qc5xc2
54.Nd5xf4 g5
55.Nf4h5 Kg6
56.Nh5g3 Qc2c6
57.Qe5f5 Kg7
58.Ng3h5 Kg8
59.Qf5f7 Kh8
60.Qf7g7 { resign }
1-0

[Event "Tourn. n9195"]
[Site "www.chess-mail.com"]
[Date "2017.02.05"]
[Round "1"]
[White "Cal"]
[Black "Autmich"]
[WhiteElo "1630"]
[BlackElo "1690"]
[Result "1-0"]
[Round "1"]
1.c4 Ng8f6
2.Nb1c3 g6
3.h3 Bf8g7
4.e4 d6
5.d4 e6
6.Bf1d3 O-O
7.Ng1f3 Nb8c6
8.a3 Rf8e8
9.O-O a6
10.b4 Nf6h5
11.Bc1g5 Qd8d7
12.b5 Nc6xd4
13.Nf3xd4 Bg7xd4
14.Qd1d2 Bd4f6
15.Bg5xf6 Nh5xf6
16.f4 e5
17.f5 Nf6h5
18.Nc3d5 c6
19.bxc6 Qd7d8
20.fxg6 hxg6
21.c7 Qd8d7
22.Qd2g5 Re8e6
23.Rf1f3 Kg7
24.Nd5e3 Nh5f4
25.Ne3g4 Qd7xc7
26.Ra1c1 b6
27.c5 bxc5
28.Qg5h6 Kg8
29.Bd3c4 Qc7b6
30.Bc4xe6 Bc8xe6
31.Ng4f6 { resign }
1-0

[Event "Tourn. n9181"]
[Site "www.chess-mail.com"]
[Date "2017.02.05"]
[Round "1"]
[White "Picifarkinca"]
[Black "Autmich"]
[WhiteElo "1730"]
[BlackElo "1720"]
[Result "1-0"]
[Round "1"]
1.e4 e5
2.Ng1f3 Nb8c6
3.Bf1b5 a6
4.Bb5a4 Ng8f6
5.O-O Bf8e7
6.Rf1e1 b5
7.Ba4b3 O-O
8.d3 d6
9.h3 Nc6a5
10.c3 c5
11.Bb3c2 Bc8b7
12.Nb1d2 Ra8c8
13.Nd2f1 Rf8e8
14.Nf1e3 Be7f8
15.b4 cxb4
16.cxb4 Na5c6
17.Bc1d2 Qd8b6
18.Ne3d5 Nf6xd5
19.exd5 Nc6d4
20.Nf3xd4 Qb6xd4
21.Re1e4 Qd4xd5
22.Re4g4 f5
23.Bc2b3 { resign }
1-0

[Event "Tourn. n9196"]
[Site "www.chess-mail.com"]
[Date "2017.02.05"]
[Round "1"]
[White "Sorim"]
[Black "Osopanda"]
[WhiteElo "1960"]
[BlackElo "2010"]
[Result "0-1"]
[Round "1"]
1.d4 d5
2.c4 e6
3.Ng1f3 c6
4.Bc1f4 Ng8f6
5.e3 Bf8d6
6.Qd1c2 O-O
7.Nb1d2 Bd6xf4
8.exf4 { time. }
0-1

[Event "Tourn. n9218"]
[Site "www.chess-mail.com"]
[Date "2017.02.05"]
[Round "1"]
[White "Norlavuaram"]
[Black "Actmy"]
[WhiteElo "2190"]
[BlackElo "2160"]
[Result "0-1"]
[Round "1"]
1.e4 c6
2.d4 d5
3.Nb1d2 dxe4
4.Nd2xe4 Bc8f5
5.Ne4g3 Bf5g6
6.Ng1f3 Nb8d7
7.h4 h6
8.h5 Bg6h7
9.Bf1d3 Bh7xd3
10.Qd1xd3 Ng8f6
11.Bc1d2 e6
12.O-O-O Qd8c7
13.Bd2c3 Bf8e7
14.Qd3e2 a5
15.Kb1 b5
16.b3 b4
17.Bc3b2 a4
18.Nf3e5 O-O
19.f4 Nf6d5
20.f5 Nd7b6
21.Rd1f1 f6
22.Ne5g6 Qc7xg3
23.Qe2xe6 Rf8f7
24.Qe6xc6 a3
25.Bb2c1 Ra8c8
26.Qc6e6 Qg3xg2
27.Ng6xe7 Nd5xe7
28.Qe6xb6 Ne7d5
29.Qb6e6 Qg2xc2
30.Ka1 Qc2c3
31.Kb1 Qc3d3
32.Ka1 Rc8xc1
33.Rf1xc1 Qd3xd4
{ resign }
0-1

[Event "Tourn. n9083"]
[Site "www.chess-mail.com"]
[Date "2017.02.05"]
[Round "1"]
[White "Ozana"]
[Black "Pariolinius"]
[WhiteElo "2010"]
[BlackElo "1870"]
[Result "1-0"]
[Round "1"]
1.Ng1f3 Ng8f6
2.c4 g6
3.Nb1c3 Bf8g7
4.e4 d6
5.d4 O-O
6.Bf1e2 Nb8d7
7.O-O e5
8.dxe5 Nd7xe5
9.Nf3xe5 dxe5
10.Bc1g5 Bc8e6
11.Qd1xd8 Ra8xd8
12.Nc3d5 Be6xd5
13.cxd5 h6
14.Bg5xf6 Bg7xf6
15.Rf1c1 Rd8c8
16.Rc1c3 Bf6g5
17.g3 Bg5d2
18.Rc3a3 Bd2b4
19.Ra3xa7 b6
20.a3 Bb4c5
21.Be2b5 f5
22.exf5 gxf5
23.Bb5d7 Rc8d8
24.Bd7e6 Kh8
25.Ra7xc7 Bc5d6
26.Rc7c6 Bd6c5
27.Ra1c1 f4
28.g4 f3
29.b4 Bc5d4
30.Be6f5 { resign }
1-0

[Event "Tourn. n9035"]
[Site "www.chess-mail.com"]
[Date "2017.02.05"]
[Round "1"]
[White "Cal"]
[Black "Falcoale"]
[WhiteElo "1730"]
[BlackElo "1860"]
[Result "1/2-1/2"]
[Round "1"]
1.c4 Ng8f6
2.e4 d6
3.d3 e5
4.Nb1c3 a6
5.a3 Nb8c6
6.h3 Bf8e7
7.Ng1f3 b6
8.Bf1e2 Bc8b7
9.O-O O-O
10.Nf3h4 Nf6xe4
11.Nh4f5 Ne4xc3
12.bxc3 Be7f6
13.Be2h5 Nc6e7
14.Qd1g4 Ne7xf5
15.Qg4xf5 Bb7c8
16.Qf5e4 g6
17.Bh5e2 Bc8f5
18.Qe4d5 Bf5e6
19.Qd5f3 e4
20.Qf3xe4 Rf8e8
21.Be2g4 Be6xg4
22.Qe4xg4 Bf6xc3
23.Ra1b1 Re8e6
24.Bc1g5 Qd8e8
25.d4 Bc3xd4
26.Qg4xd4 Re6e4
27.Qd4c3 Re4e6
28.Bg5h6 f6
29.f4 Qe8f7
30.a4 Ra8e8
31.g4 Re6e3
32.Qc3b4 Re3xh3
33.g5 Qf7e6
34.Qb4b2 Qe6g4
35.Qb2g2 Rh3g3
36.Rf1f2 Rg3xg2
37.Rf2xg2 Qg4xf4
38.Rb1f1 Qf4e3
39.Kh2 f5
40.Rg2f2 Qe3d4
41.Rf2f4 Re8e2
42.Kg3 Qd4c3
43.Rf4f3 Re2e3
44.Rf3xe3 Qc3xc4
45.Rf1e1 f4
46.Kf3 fxe3
47.Re1xe3 Qc4xa4
48.Re3e8 Kf7
49.Re8f8 Ke6
50.Rf8f6 Kd5
51.Rf6f4 Qa4xf4
52.Kxf4 b5
53.Bh6g7 Ke6
54.Ke4 c5
55.Bg7f6 b4
56.Kd3 a5
57.Kc4 a4
58.Bf6g7 a3
59.Kb3 Kd5
60.Bg7f6 Ke4
61.Kc4 Kf5
62.Bf6e7 a2
63.Be7f6 a1Q
64.Bf6xa1 Ke6
65.Ba1h8 Kd7
66.Kd5 Ke8
67.Kxd6 c4
68.Kc5 c3
69.Kxb4 c2
70.Bh8b2 Ke7
71.Kc3 Kf7
72.Kxc2 Kg8
73.Bb2f6 Kf7
74.Kd3 h6
75.Ke4 hxg5
76.Bf6xg5 Kg7
77.Ke5 Kf7
78.Bg5f6 { draw }
1/2-1/2

[Event "Tourn. n9230"]
[Site "www.chess-mail.com"]
[Date "2017.02.05"]
[Round "1"]
[White "Norlavuaram"]
[Black "Bojan"]
[WhiteElo "2190"]
[BlackElo "2020"]
[Result "0-1"]
[Round "1"]
1.e4 e5
2.Ng1f3 d6
3.Bf1c4 h6
4.O-O Qd8f6
5.Nb1c3 c6
6.d4 Bc8g4
7.dxe5 dxe5
8.Qd1d3 Bg4xf3
9.gxf3 Nb8d7
10.Kh1 Ra8d8
11.Rf1d1 Bf8e7
12.Qd3e2 Nd7c5
13.Bc1e3 b6
14.b4 Nc5e6
15.a3 Ne6f4
16.Rd1xd8 Be7xd8
17.Ra1d1 Nf4xe2
{ resign }
0-1

[Event "Tourn. n9145"]
[Site "www.chess-mail.com"]
[Date "2017.02.05"]
[Round "1"]
[White "Jjmcbride"]
[Black "Autmich"]
[WhiteElo "1580"]
[BlackElo "1750"]
[Result "0-1"]
[Round "1"]
1.e4 c5
2.Ng1f3 d6
3.d4 cxd4
4.Nf3xd4 Ng8f6
5.f3 Nb8c6
6.c3 e5
7.Nd4f5 Bc8xf5
8.exf5 Bf8e7
9.Bc1e3 O-O
10.Bf1d3 Nf6d5
11.Be3f2 Nd5f4
12.O-O Nf4xd3
13.Qd1xd3 Qd8c7
14.Qd3d5 Be7f6
15.Nb1d2 Ra8c8
16.Nd2e4 Qc7d8
17.Ra1d1 Bf6e7
18.f4 Rf8e8
19.fxe5 Nc6xe5
20.h3 Rc8c6
21.Bf2d4 Be7f6
22.g3 Qd8e7
23.Bd4xa7 b6
24.Ne4xf6 gxf6
25.Ba7xb6 Rc6xb6
26.b4 Qe7c7
27.Qd5b3 Qc7a7
28.c4 Rb6xb4
29.Kg2 Rb4xb3
30.axb3 Qa7b7
31.Rd1d5 Qb7xb3
32.Rd5xd6 Ne5xc4
{ resign }
0-1

[Event "Tourn. n9116"]
[Site "www.chess-mail.com"]
[Date "2017.02.05"]
[Round "1"]
[White "Kampungboy"]
[Black "Tartan"]
[WhiteElo "2630"]
[BlackElo "2450"]
[Result "1-0"]
[Round "1"]
1.d4 Ng8f6
2.Bc1f4 g6
3.e3 Bf8g7
4.h3 O-O
5.Ng1f3 d6
6.c4 Nb8c6
7.Nb1c3 Rf8e8
8.Bf1e2 Bc8f5
9.d5 e5
10.Bf4g3 Nc6b4
11.Ra1c1 Nf6e4
12.Nc3xe4 Bf5xe4
13.a3 Nb4a6
14.Bg3h4 Bg7f6
15.Bh4xf6 Qd8xf6
16.Nf3d2 Be4f5
17.b4 e4
18.Qd1c2 Qf6e5
19.O-O Ra8d8
20.Rf1d1 Na6b8
21.c5 dxc5
22.Nd2c4 Qe5f6
23.bxc5 Qf6g5
24.Kf1 Nb8a6
25.Nc4a5 { resign }
1-0

[Event "Match"]
[Site "www.echecsemail.com"]
[Date "2017.02.05"]
[Round "1"]
[White "Xkafi"]
[Black "Pdebonis"]
[WhiteElo "1930"]
[BlackElo "2049"]
[Result "0-1"]
[Round "1"]
1.e4 e5
2.Bf1c4 f5
3.exf5 Ng8f6
4.d3 d5
5.Bc4b3 Bc8xf5
6.Bc1g5 c6
7.h3 Nb8d7
8.Ng1f3 h6
9.Bg5h4 Qd8c7
10.Bh4g3 Bf8d6
11.Bg3h4 g5
12.Bh4g3 O-O-O
13.Nb1c3 Kb8
14.Qd1d2 Nd7c5
15.Nf3h2 e4
16.Bg3xd6 Qc7xd6
17.d4 e3
18.fxe3 Nc5e4
19.Nc3xe4 Nf6xe4
20.Qd2d3 Qd6g3
21.Ke2 Qg3xg2
{ resign }
0-1

[Event "Match"]
[Site "www.echecsemail.com"]
[Date "2017.02.05"]
[Round "1"]
[White "Odin"]
[Black "Picifarkinca"]
[WhiteElo "1880"]
[BlackElo "1630"]
[Result "0-1"]
[Round "1"]
1.f4 d5
2.Ng1f3 g6
3.d3 Bf8g7
4.c3 Ng8h6
5.h3 Nh6f5
6.g4 Nf5g3
7.Rh1g1 Ng3xf1
8.Rg1xf1 h5
9.g5 Bc8xh3
10.Rf1f2 e5
11.Qd1a4 Qd8d7
12.Qa4b3 Nb8c6
13.Qb3xb7 Ra8b8
14.Qb7a6 e4
15.dxe4 dxe4
16.Nf3g1 Bh3f5
17.b3 h4
18.Qa6c4 h3
19.Rf2h2 Nc6b4
20.Nb1a3 Nb4d5
21.Bc1d2 e3
22.Bd2c1 Bg7xc3
23.Kf1 Bc3xa1
24.Na3c2 Ba1g7
25.Ng1f3 Bf5xc2
26.Bc1a3 Bc2f5
27.Nf3d4 Nd5xf4
28.Ba3b2 Nf4g2
29.Qc4a4 Qd7xa4
30.bxa4 Rb8xb2
{ resign }
0-1

[Event "Match"]
[Site "www.echecsemail.com"]
[Date "2017.02.05"]
[Round "1"]
[White "Iko"]
[Black "Fatmike02"]
[WhiteElo "1720"]
[BlackElo "1749"]
[Result "0-1"]
[Round "1"]
1.e4 c6
2.e5 e6
3.Ng1f3 d5
4.d4 c5
5.Bf1b5 Bc8d7
6.a4 a6
7.Bb5d3 Nb8c6
8.O-O cxd4
9.Ra1a3 Bf8xa3
10.bxa3 Ng8e7
11.Bc1b2 Qd8b6
12.Qd1d2 Qb6xb2
13.a5 Ra8c8
14.Qd2g5 Ne7g6
15.h4 Kf8
16.h5 h6
17.Qg5d2 Ng6xe5
18.Nf3h4 Ne5xd3
19.cxd3 Qb2xd2
20.Nb1xd2 Nc6xa5
21.Nh4f3 Rc8c2
22.Nd2b1 Na5c6
23.g4 f6
24.Rf1e1 e5
25.a4 Bd7xg4
26.Nf3h2 Bg4xh5
27.Nb1a3 Rc2a2
28.Na3b1 Bh5e2
29.Nh2g4 Be2xd3
30.Re1d1 Nc6b4
31.f3 Ra2xa4
32.Nb1d2 h5
33.Ng4f2 Bd3f5
34.Nd2b3 Ra4a3
35.Rd1b1 Bf5xb1
36.Nb3c5 Ra3xf3
37.Nc5xb7 d3
38.Kg2 e4
39.Nf2d1 h4
40.Nd1f2 h3
41.Nf2xh3 Rh8xh3
42.Nb7d8 d2
43.Nd8e6 Kf7
44.Ne6c5 d1Q
45.Nc5xe4 Qd1h1

0-1

[Event "Match"]
[Site "www.echecsemail.com"]
[Date "2017.02.05"]
[Round "1"]
[White "Balbyns"]
[Black "Nitorrey"]
[WhiteElo "1439"]
[BlackElo "1499"]
[Result "1-0"]
[Round "1"]
1.e4 e5
2.Ng1f3 d6
3.d4 Nb8c6
4.d5 Nc6e7
5.c4 c6
6.Nb1c3 Ng8f6
7.Bf1e2 Bc8d7
8.O-O Qd8c7
9.h3 O-O-O
10.Bc1e3 c5
11.Nf3g5 Bd7xh3
12.Ng5xh3 g6
13.Be3g5 Bf8g7
14.Nc3b5 Qc7b6
15.Be2g4 Ne7f5
16.exf5 gxf5
17.Bg4xf5 Nf6d7
18.Bg5xd8 Rh8xd8
19.Qd1g4 a6
20.Qg4xg7 axb5
21.cxb5 Qb6xb5
22.Qg7xf7 e4
23.Rf1e1 Kc7
24.Nh3g5 h6
25.Ng5e6 Kc8
26.Ne6xd8  { time }
1-0

[Event "Match"]
[Site "www.echecsemail.com"]
[Date "2017.02.05"]
[Round "1"]
[White "Karlgrocer"]
[Black "Pdebonis"]
[WhiteElo "2060"]
[BlackElo "1499"]
[Result "0-1"]
[Round "1"]
1.Ng1f3 Ng8f6
2.d4 e6
3.e3 b6
4.Bf1e2 d5
5.O-O Bc8b7
6.Nb1d2 Bf8d6
7.a3 c5
8.c4 O-O
9.dxc5 bxc5
10.b3 Qd8c7
11.Bc1b2 Nb8d7
12.Ra1c1 a5
13.cxd5 exd5
14.g3 Rf8e8
15.Be2b5 Bb7a6
16.Bb5xa6 Ra8xa6
17.Nf3d4 Qc7b6
18.Nd4f3 a4
19.Qd1c2 axb3
20.Nd2xb3 c4
21.Nb3d4 Bd6xa3
22.Bb2xa3 Ra6xa3
23.Nf3g5 Qb6a6
24.Kg2 Re8xe3
25.fxe3 Ra3a2
{ resign }
0-1

[Event "Match"]
[Site "www.echecsemail.com"]
[Date "2017.02.05"]
[Round "1"]
[White "Pinehill"]
[Black "Yoj"]
[WhiteElo "2080"]
[BlackElo "1900"]
[Result "1-0"]
[Round "1"]
1.e4 g5
2.d4 e6
3.Bf1e2 c5
4.c3 d6
5.Bc1e3 Nb8d7
6.Ng1f3 f6
7.e5 cxd4
8.cxd4 dxe5
9.dxe5 g4
10.Nf3d2 Nd7xe5
11.Nb1c3 f5
12.O-O Ng8f6
13.Qd1c2 Bc8d7
14.Rf1d1  { time }
1-0

[Event "1/128 Finale"]
[Site "www.chess-mail.com"]
[Date "2017.02.05"]
[Round "1"]
[White "Jobeye"]
[Black "Pappilova"]
[WhiteElo "2040"]
[BlackElo "2009"]
[Result "0-1"]
[Round "1"]
1.c3 d5
2.e4 dxe4
3.Qd1a4 Nb8c6
4.Qa4xe4 Ng8f6
5.Qe4e2 e6
6.Ng1f3 Bf8d6
7.d3 h6
8.Bc1e3 Qd8e7
9.Nb1d2 a6
10.g3 g5
11.Bf1g2 Bc8d7
12.Nf3xg5 hxg5
13.Be3xg5 O-O-O
14.Bg5xf6 Qe7xf6
 { time }
0-1

[Event "1/128 Finale"]
[Site "www.chess-mail.com"]
[Date "2017.02.05"]
[Round "1"]
[White "Bojan"]
[Black "Traub"]
[WhiteElo "2010"]
[BlackElo "1350"]
[Result "1-0"]
[Round "1"]
1.e4 e6
2.d4 d5
3.exd5 Qd8xd5
4.Ng1f3 c5
5.c4 Qd5e4
6.Bc1e3 cxd4
7.Nf3xd4 Bf8b4
8.Nb1d2 Ng8e7
9.Qd1b3 Nb8c6
10.Nd4xc6 Bb4xd2
11.Kxd2 bxc6
12.f3 Qe4e5
13.Kc2 O-O
14.Ra1d1 a5
15.Be3d4 Qe5c7
16.Bf1d3 c5
17.Bd4f2 a4
18.Qb3b5 Ra8a5
19.Bf2g3 Qc7a7
20.Qb5b8 Ne7c6
21.Qb8xa7 Ra5xa7
22.Kb1 Bc8a6
23.Bg3d6 Rf8d8
24.Bd6xc5 Ra7d7
25.Bd3e2 Rd7d2
26.b3 Rd2xe2
27.Rd1xd8 Nc6xd8
28.Rh1g1 axb3
29.axb3 Re2d2
30.Bc5b6 Nd8c6
31.Kc1 Rd2a2
32.Kb1 Ra2d2
33.Kc1 Rd2d3
34.Kc2 Nc6b4
35.Kb2 f6
36.Rg1a1 Kf7
37.Ra1a4 Ba6xc4
38.bxc4 Nb4c6
39.Kc2 Rd3d4
40.Bb6xd4 Nc6xd4
41.Kd3 Nd4b3
42.Ra4a7 Kg6
43.Ra7a3 Nb3c5
44.Kd4 Nc5d7
45.c5 e5
46.Kd5 e4
47.fxe4 Nd7e5
48.Ra3g3 Kf7
49.c6 Ne5g6
50.Rg3xg6 hxg6
51.c7 { resign }
1-0

[Event "Fast Game"]
[Site "www.echecsemail.com"]
[Date "2017.02.05"]
[Round "1"]
[White "Sportuga"]
[Black "Yoj"]
[WhiteElo "1989"]
[BlackElo "2009"]
[Result "1-0"]
[Round "1"]
1.e4 Ng8f6
2.e5 Nf6d5
3.d4 c6
4.c4 Nd5b4
5.Ng1f3 d5
6.a3 Nb4a6
7.Nb1c3 Na6c7
8.Bc1e3 g6
9.Qd1b3 Nb8d7
10.cxd5 Nc7xd5
11.Nc3xd5 cxd5
12.Qb3xd5 e6
13.Qd5b3 a6
14.Bf1d3 Qd8b6
15.Qb3a2 Qb6c7
16.Ra1c1 Qc7d8
17.O-O b5
18.Bd3e4 Ra8b8
19.d5 Nd7b6
20.Rf1d1 Qd8d7
21.dxe6 Qd7xe6
22.Be4c6 Bc8d7
23.Rd1xd7 Qe6xa2
24.Rd7a7 Kd8
25.Be3g5 Bf8e7
26.Bg5xe7 Kc8
27.Bc6d7  { time }
1-0

[Event "Tourn. n9238"]
[Site "www.chess-mail.com"]
[Date "2017.02.06"]
[Round "1"]
[White "Norlavuaram"]
[Black "Bojan"]
[WhiteElo "2130"]
[BlackElo "2030"]
[Result "1-0"]
[Round "1"]
1.e4 e5
2.Ng1f3 d6
3.d4 exd4
4.Nf3xd4 Bc8d7
5.Bf1c4 Qd8f6
6.Nb1c3 c6
7.O-O g6
8.f4 Bf8g7
9.e5 dxe5
10.fxe5 Qf6h4
11.Bc4xf7 Kd8
12.Nd4e6 Ke7
13.Bc1g5 Qh4xg5
14.Ne6xg5 { resign }
1-0

[Event "Tourn. n9145"]
[Site "www.chess-mail.com"]
[Date "2017.02.06"]
[Round "1"]
[White "Cal"]
[Black "Passaroa25"]
[WhiteElo "1490"]
[BlackElo "1610"]
[Result "1-0"]
[Round "1"]
1.Ng1f3 c6
2.c4 d6
3.d4 f6
4.e4 Bc8e6
5.Nb1c3 Be6f7
6.Bf1d3 e6
7.h3 Ng8e7
8.a3 Ne7g6
9.b4 Nb8d7
10.O-O Bf8e7
11.Bc1f4 Ng6xf4
12.Bd3c2 h5
13.Qd1d2 g5
14.Ra1e1 Nd7b6
15.Bc2b3 h4
16.c5 Nb6d7
17.cxd6 Be7xd6
18.e5 fxe5
19.dxe5 Bd6c7
20.Nc3e4 O-O
21.a4 Nd7xe5
22.Qd2e3 Ne5xf3
23.Qe3xf3 Nf4d3
24.Re1d1 Bf7g6
25.Bb3xe6 Rf8f7
26.Be6xf7 Bg6xf7
27.Rd1xd3 Qd8f8
28.Rd3d7 Bc7b6
29.Ne4xg5 Bf7d5
30.Qf3g4 Ra8e8
31.Ng5f7 Qf8g7
32.Nf7h6 Kh7
33.Qg4xg7 
1-0